| 000 | 01324nam a2200349 i 4500 | ||
|---|---|---|---|
| 003 | EG-GICUC | ||
| 005 | 20260121101435.0 | ||
| 008 | 251206s1996 ua d|||fr|||| 000 0 ara d | ||
| 017 | _a95/2262 | ||
| 020 | _a977-04-1338-0 | ||
| 040 |
_a EG-GICUC _bara _c EG-GICUC _d EG-GICUC _erda |
||
| 041 | 0 | _aara | |
| 082 | 0 | 4 |
_221 _a343.451 _bم ح . م |
| 092 | 0 | 4 | _221 |
| 099 | _aLaw1 10 343.451 م ح . م 1996 | ||
| 100 | 0 |
_aمحمد محمد مصباح القاضي, _eمؤلف. |
|
| 245 | 1 | 2 |
_aالملامح الأساسية للقانون رقم 281 لسنة 1994 : _bبتعديل قانون قمع التدليس والغش / _cمحمد محمد مصباح القاضي. |
| 264 | 1 |
_aالقاهرة : _bدار النهضة العربية, _c1996. |
|
| 300 |
_a107 صفحة : _bجداول ؛ _c24 سم. |
||
| 336 |
_2rda content _atext |
||
| 337 |
_2rda media _aComputer |
||
| 338 |
_2rda carrier _aOnline Resource |
||
| 504 | _aيشتمل على إرجاعات ببليوجرافية. | ||
| 504 | _aببليوجرافيا: صفحات 99-103. | ||
| 546 | _aالنص باللغة العربية | ||
| 650 | 1 | 4 |
_aقمع الغش والتدليس _2qrmak |
| 650 | 1 | 4 | _2qrmak |
| 651 | 1 | _2qrmak | |
| 856 | 4 | 0 | _uhttps://fll.law.cu.edu.eg/fulltext/bks/B10-05373.pdf |
| 905 |
_a62 _eYara |
||
| 942 |
_2ddc _cBK _e21 _n0 |
||
| 999 |
_c48678 _d48678 |
||